Prajathanthravadaya Kumakda? Kageda? Ka Sandahada? Kumatada (Record no. 5794)
[ view plain ]
| 000 -LEADER | |
|---|---|
| fixed length control field | 00456nam a2200169Ia 4500 |
| 005 - DATE AND TIME OF LATEST TRANSACTION | |
| control field | 20250624025736.0 |
| 008 - FIXED-LENGTH DATA ELEMENTS--GENERAL INFORMATION | |
| fixed length control field | 240331s9999 xx 000 0 und d |
| 020 ## - INTERNATIONAL STANDARD BOOK NUMBER | |
| ISBN | 9559102958 |
| 082 ## - DDC Classification | |
| Class No. | 328 |
| Item Number - Author Mark | UYA |
| 100 ## - MAIN ENTRY--PERSONAL NAME | |
| Personal name | Uyangoda.J, Perera.R |
| 245 #0 - TITLE STATEMENT | |
| Title | Prajathanthravadaya Kumakda? Kageda? Ka Sandahada? Kumatada |
| 250 ## - EDITION STATEMENT | |
| Edition statement | 2nd Revised |
| 260 ## - PUBLICATION, DISTRIBUTION, ETC. | |
| Place of publication, distribution, etc. | Colombo |
| Name of publisher, distributor, etc. | Social Scientist Association |
| Date of publication, distribution, etc. | 2010 |
| 300 ## - PHYSICAL DESCRIPTION | |
| Extent (e.g. Volumes, Pages etc.) | 35 p ., |
| 650 ## - SUBJECT ADDED ENTRY--TOPICAL TERM | |
| Topical term or geographic name entry element | Democracy |
| 942 ## - Koha item type (Biblio) | |
| Koha item type | Books in Stacks (Lending) |
| Lost status | Damaged status | Collection code | Home library | Current library | Shelving location | Date acquired | Accession Number | Item type |
|---|---|---|---|---|---|---|---|---|
| Lending | WERC Library | WERC Library | Social Science Cupboard | 03/31/2024 | 6773 | Books in Stacks (Lending) |
